000 01206naa a22003377a 4500
001 BR7805840
003 BR-BrBNA
005 20240918174226.0
007 ta
008 230509b bl.||||| |||| 00| 0 por d
040 _aBR-BrBNA
_bpor
_cBiblioteca Nacional de Agricultura
041 _a(Pt)
072 _aU10; E70; E15
_b/G514
090 _aU10 BR7805840
100 1 _aHaddad, E.
100 1 _aCarvalho, S.D.
100 1 _aSilva, R.S. da
111 1 _a3. Simposio Nacional de Probabilidade e Estatistica
_cSao Paulo, SP (Brazil)
_d24 Jul 1978
245 1 _aAnalise estatistica para caracterizacao do mercado de imoveis em Sao Paulo [Brasil]
260 3 _aSao Paulo, SP (Brasil):
_c1978.
500 _aAtas do 3. Simposio Nacional de Probabilidade e Estatistica Sao Paulo, SP (Brasil): 1978. p. 30-35 (BR7805840-AM)U10
650 _aPROPRIEDADE RURAL
650 _aMERCADO
650 _aPRECO
650 _aCONTROLE DE QUALIDADE
650 _aANALISE ESTATISTICA
650 _aSAO PAULO
773 0 _tAtas do 3. Simposio Nacional de Probabilidade e Estatistica
_wU10 BR7805840
_gSao Paulo, SP (Brasil), 1978. p. 30-35
909 _a202404
_bLucia
_c55
_dLucia Elande
942 _cAM
_2AGRIS
999 _c309707
_d309707